|
|
|
|
| LEADER |
00000ngm a22000007i 4500 |
| 001 |
IT\ICCU\UBO\3376401 |
| 003 |
ItRI |
| 005 |
20260124182924.0 |
| 008 |
080219quuuuuuuuit |||||||||||||||k|||||c |
| 028 |
4 |
2 |
|a CA002
|
| 040 |
|
|
|b ita
|
| 041 |
|
7 |
|a ita
|2 ISO-639-2
|
| 245 |
0 |
0 |
|a Superman.
|
| 260 |
|
|
|a Roma :
|b Scabar,
|c [s.d.]
|
| 300 |
|
|
|a 1 videocassetta (VHS) (ca. 70 min.) :
|b color. (PAL), son
|
| 500 |
|
|
|a Tit. del contenitore
|
| 500 |
|
|
|a Contiene gli episodi: Japoteurs, The magnetic telescope, The bulleteers, The underground world, Volcano, Terror on the Midwai; Jungle drums, The mummy strikes, Supermen.
|
| 942 |
|
|
|2 ddc
|c VM
|n 0
|
| 952 |
|
|
|0 0
|1 0
|4 0
|6 VO_1504_000000000000000
|7 0
|9 28096
|a BO
|b BO
|d 2026-01-24
|i 11656
|l 0
|o VO 1504
|p BO11656
|r 2026-01-24 18:29:24
|w 2026-01-24
|x [Sebina 5] [1 videocassetta]
|y VM
|z 1 videocassetta
|
| 981 |
|
1 |
|6 z01
|a b
|b xa2e
|
| 982 |
|
1 |
|6 z01
|a g
|
| 999 |
|
|
|c 23815
|d 23815
|